| 000 | 00504cam a22001934a 4500 | ||
|---|---|---|---|
| 005 | 20250605164202.0 | ||
| 008 | 250528s ||||||||||||||||||||||||d | ||
| 035 | _a19750 | ||
| 020 | _a9600338442 | ||
| 040 |
_aGR-AtMCL _bgre _dGR-AtMCL _eAACR2 |
||
| 245 | 1 | _aΣΥΓΧΡΟΝΕΣ ΤΑΣΕΙΣ ΜΑΝΑΤΖΜΕΝΤ | |
| 250 | _a1 | ||
| 260 |
_bΚαστανιώτη, _c2004 |
||
| 300 | _a265 | ||
| 700 | 1 |
_aΤσουκας Χαριδημος _95948 |
|
| 942 | _cBK | ||
| 999 |
_c5006 _d5006 |
||